[Event "Moscow GM2"]
[Site "Moscow"]
[Date "1996.??.??"]
[Round "?"]
[White "Rustemov, Alexander"]
[Black "Yuferov, Sergey  N"]
[Result "1/2-1/2"]
[WhiteElo "2495"]
[BlackElo "2440"]

1.d4 Nf6 2.Bg5 Ne4 3.Bh4 c5 4.f3 g5 5.fxe4 gxh4 6.e3 e6 7.c3 Bh6 8.Kf2 Qb6
9.Qb3 cxd4 10.cxd4 Qxb3 11.axb3 Nc6 12.Nc3 f5 13.exf5 O-O 14.Bd3 Ne7 15.Nf3 Nxf5
16.Bxf5 Rxf5 17.Ke2 h3 18.g4 Rf8 19.Nb5 a5 20.b4 Ra6 21.Rhc1 b6 22.Nd6 axb4
23.Ne5 b3 24.Nxc8 Rxa1 25.Ne7+ Kg7 26.Rxa1 Re8 27.Ra7 Rxe7 28.Rxd7 Bg5 29.Rxe7+ Bxe7
30.Kf3 Bd6 31.g5 b5 32.Kg4 Ba3 33.Nd3 Bd6 34.Ne5 Ba3 35.Nd3 Bd6 36.Nf4 e5
37.Ne2 exd4 38.exd4 Bxh2 39.Kxh3 Bb8 40.Kg4 Kf7 41.Kf5 Ke7 42.Nf4 Bd6 43.Nd5+ Kf7
44.Nc3 Bb4 45.Ne4 Ba5 46.d5 Bb6 47.Nd6+ Kf8 48.Nxb5 Ke7 49.Ke4 Ba5 50.Kd3 Be1
51.Nd4 Kd6 52.Nf3 Ba5 53.Ke4 Bd8 54.Ne5 Kc5 55.Nf3 Kd6 56.Kd4 Bb6+ 57.Ke4 Bd8
58.Ne5 Kc5 59.Nd7+ Kd6 60.Nf6 h6 61.Ne8+ Kd7 62.gxh6 Kxe8 63.Kd4  1/2-1/2

[Event "Moscow IM1"]
[Site "Moscow"]
[Date "1996.??.??"]
[Round "?"]
[White "Dvalishvili, Pavel S"]
[Black "Kochetkov, German"]
[Result "0-1"]
[WhiteElo "2365"]
[BlackElo "2385"]

1.d4 Nf6 2.Bg5 Ne4 3.Bh4 c5 4.d5 Qb6 5.Qc1 g5 6.Bg3 Bg7 7.c3 e6 8.dxe6 dxe6
9.Nf3 Nc6 10.Nbd2 Nxg3 11.hxg3 Qd8 12.Ne4 g4 13.Nfg5 h6 14.Qf4 O-O 15.Qxg4 f5
16.Qh5 fxe4 17.Nxe4 Rf5 18.Qh4 b6 19.e3 Bb7 20.Bc4 Qxh4 21.Bxe6+ Kf8 22.Rxh4 Re5
23.Bb3 Rd8 24.Rf4+ Ke8 25.Rd1 Rxd1+ 26.Kxd1 Kd7 27.Nf6+ Kd8 28.Ng4 Re7  0-1

[Event "Moscow IM3"]
[Site "Moscow"]
[Date "1996.??.??"]
[Round "?"]
[White "Maljutin, Evgeni"]
[Black "Zhidkov, Valery S"]
[Result "1/2-1/2"]
[WhiteElo "2495"]
[BlackElo "2385"]

1.d4 Nf6 2.Bg5 Ne4 3.Bh4 g6 4.f3 Nf6 5.e4 d6 6.Bd3 Bg7 7.Ne2 Nc6 8.c3 e5
9.d5 Ne7 10.Qd2 c6 11.c4 b5 12.dxc6 bxc4 13.Bxc4 Nxc6 14.Nbc3 O-O 15.Rd1 Na5
16.Bb5 a6 17.Bd3 Be6 18.Nd5 Nb7 19.Nec3 Nc5 20.Be2 Ncd7 21.Nxf6+ Bxf6 22.Bxf6 Qxf6
23.Qxd6 Rfb8 24.b3 Rc8 25.Nd5 Bxd5 26.Qxd5 Nc5 27.O-O a5 28.Bc4 Ra7 29.Qd6 Qxd6
30.Rxd6 a4 31.Rd5 Re7 32.Rb1 Kg7 33.Bf1 axb3 34.axb3 f6 35.Rc1 Rec7 36.b4 Nb3
37.Rxc7+ Rxc7 38.b5 Nd4 39.f4 Rc1 40.fxe5 fxe5 41.Rxe5 Kf6 42.Re8 Nxb5 43.Kf2 Nd6
44.e5+ Kf7 45.Rh8 Ne4+ 46.Ke3 Rxf1 47.Kxe4 Re1+ 48.Kf4 Rf1+ 49.Kg3 h5 50.Rh7+ Kg8
51.Ra7 Rf5 52.Ra5 Kf7 53.h3 g5 54.h4 Ke6 55.Rb5 g4 56.Rb6+ Kxe5 57.Rh6  1/2-1/2

[Event "Moscow-A"]
[Site "Moscow"]
[Date "1996.??.??"]
[Round "?"]
[White "Guliev, Sarhan"]
[Black "Kumaran, Dharshan"]
[Result "1/2-1/2"]
[WhiteElo "2505"]
[BlackElo "2495"]

1.d4 Nf6 2.Bg5 Ne4 3.Bf4 d5 4.Nd2 Bf5 5.Ngf3 e6 6.e3 g5 7.Bg3 h5 8.Bb5+ c6
9.Be2 Nd7 10.Nxe4 dxe4 11.Nd2 h4 12.Be5 f6 13.Bh5+ Ke7 14.g4 Bh7 15.f4 fxe5
16.fxe5 Bg7 17.O-O Rf8 18.Nc4 Qc7 19.Qd2 Rf3 20.Rxf3 exf3 21.e4 f2+ 22.Kxf2 Bh6
23.Kg1 Rf8 24.Re1 Bg8 25.Nd6 Qb6 26.Nc4 Qc7  1/2-1/2

[Event "Moscow-ch"]
[Site "Moscow"]
[Date "1996.??.??"]
[Round "2"]
[White "Kalygin, SV."]
[Black "Rosanov, Lev I"]
[Result "1-0"]
[WhiteElo "2460"]
[BlackElo "2195"]

1.d4 Nf6 2.Bg5 Ne4 3.h4 c5 4.dxc5 Qa5+ 5.Nd2 Nxg5 6.hxg5 Qxc5 7.Ngf3 g6 8.e3 Bg7
9.c3 Qb6 10.Rb1 d5 11.Bd3 Nc6 12.Kf1 e5 13.e4 Be6 14.exd5 Bxd5 15.Nc4 Qc7
16.Qa4 O-O-O 17.Be2 Kb8 18.Ne3 Be6 19.Rd1 Rxd1+ 20.Bxd1 h5 21.Bb3 Qd7 22.Ke2 Bxb3
23.axb3 Re8 24.Rd1 Qe6 25.Rd5 e4 26.Nd2 Be5 27.Qxe4 Bxc3 28.bxc3 Qxe4 29.Nxe4 Rxe4
30.b4 Kc7 31.Kd3 Rh4 32.Rc5 b6 33.Rd5 Rh2 34.b5 Nd8 35.Ke4 Ne6 36.Ke5 Nxg5
37.Rd1 Ne6 38.Kf6 Nf4 39.Ke7 g5 40.Rd7+ Kc8 41.Nc4 Rxg2 42.Nd6+ Kb8 43.Rd8+  1-0

[Event "RUS-Cup2"]
[Site "Moscow"]
[Date "1996.??.??"]
[Round "4"]
[White "Zlochevskij, Alexander"]
[Black "Driamin, Dmitrij"]
[Result "1-0"]
[WhiteElo "2415"]
[BlackElo "2225"]

1.d4 Nf6 2.Bg5 Ne4 3.Bh4 c5 4.f3 Qa5+ 5.c3 Nf6 6.d5 d6 7.e4 b5 8.Nd2 Ba6
9.f4 Nbd7 10.Be2 e6 11.dxe6 fxe6 12.Nh3 Be7 13.Ng5 Nf8 14.O-O h6 15.Nh3 Rd8
16.Qe1 N8d7 17.a4 bxa4 18.Nc4 Bxc4 19.Bxc4 d5 20.exd5 exd5 21.Bd3 Kf7 22.f5 Qb6
23.c4 Rhe8 24.Nf4 Nf8 25.Rxa4 d4 26.Qg3 Bd6 27.Bxf6 gxf6 28.Qh4 Bxf4 29.Rxf4 Kg7
30.Ra3 Re3 31.Rg4+ Kh7 32.Qh5 Qc7 33.Rh4 Kh8 34.Qxh6+ Nh7 35.Qxf6+ Qg7 36.Qxd8+ Qg8
37.Qf6+ Qg7 38.Qxg7+ Kxg7 39.Rxa7+ Kf6 40.Rh6+ Kg5 41.Rg6+ Kf4 42.Rxh7  1-0

[Event "Moscow-ch"]
[Site "Moscow"]
[Date "1996.??.??"]
[Round "7"]
[White "Zamanov, Ansar M"]
[Black "Rovensky, Mikhail"]
[Result "1-0"]
[WhiteElo "2390"]
[BlackElo "2285"]

1.d4 Nf6 2.Bg5 Ne4 3.Bf4 d5 4.e3 c5 5.c3 Nc6 6.Bd3 Nf6 7.Bg5 Be6 8.dxc5 a5
9.Nd2 h6 10.Bh4 Nd7 11.Nb3 a4 12.Nd4 Nxc5 13.Nxe6 Nxe6 14.Bf5 Nc5 15.Ne2 g6
16.Bc2 Bg7 17.O-O O-O 18.Nd4 Qd7 19.b4 axb3 20.axb3 e5 21.Nxc6 bxc6 22.b4 Ne6
23.Qd2 Ra7 24.f4 exf4 25.exf4 f5 26.Bf2 Rxa1 27.Rxa1 Qd6 28.Be3 Kh8 29.Ra6 Rc8
30.Bb3 Nc7 31.Bc5 Qe6 32.Ra7 Qe4 33.Ba2 Nb5 34.Re7 Bxc3 35.Qc1 Qd3 36.Bb1 Qd2
37.Qxd2 Bxd2 38.g4 Bxf4 39.gxf5 gxf5 40.Bxf5 Rg8+ 41.Kf2 Rg5 42.Bd7 Bxh2
43.Bxc6 Bg1+ 44.Ke1 Nd4 45.Bb7 Nf3+ 46.Kf1 Nd2+ 47.Ke2 Ne4 48.Re8+ Kg7 49.Bf8+ Kf7
50.Rd8 Bb6 51.Rc8 Rg2+ 52.Kd1 Rd2+ 53.Kc1 Be3 54.Kb1 Rd3 55.Kc2 Rd2+ 56.Kb3 Rd3+
57.Ka4 Nc3+ 58.Ka5 d4 59.Bc5 Rd1 60.Bc6 Bg5 61.b5 d3  1-0

[Event "RUS-Cup2"]
[Site "Moscow"]
[Date "1996.??.??"]
[Round "9"]
[White "Gorbatow, Alexej"]
[Black "Feoktistov, Alexey A"]
[Result "1/2-1/2"]
[WhiteElo "2415"]
[BlackElo "2290"]

1.d4 Nf6 2.Bg5 Ne4 3.Bh4 c5 4.f3 g5 5.fxe4 gxh4 6.e3 Bh6 7.Kf2 Qb6 8.Nc3 Qxb2
9.Nd5 cxd4 10.exd4 Kd8 11.Nf3 Nc6 12.Rb1 Qxa2 13.Ra1 Qb2 14.Rb1 Qa3 15.e5 d6
16.Rb3 Qc1 17.Qd3 Be6 18.c4 Bxd5 19.cxd5 Na5 20.Rc3 Qb2+ 21.Be2 Rc8 22.Rxc8+ Kxc8
23.Rb1 Qa2 24.Qc3+ Kb8 25.Ra1 Qxd5 26.Rxa5 Qe4 27.exd6 exd6 28.Qa3 Bf4 29.Rxa7 Be3+
30.Ke1 Bxd4 31.Ra8+ Kc7 32.Qa5+ Kd7 33.Qa4+ Kc7 34.Nxd4 Rxa8 35.Qxa8 Qxd4  1/2-1/2

[Event "JUG-chT"]
[Site "Niksic"]
[Date "1996.??.??"]
[Round "?"]
[White "Kosic, Dragan"]
[Black "Mozetic, Dejan"]
[Result "1/2-1/2"]
[WhiteElo "2530"]
[BlackElo "2470"]

1.d4 Nf6 2.Bg5 Ne4 3.h4 c5 4.dxc5 h6 5.Be3 e6 6.Nd2 Nxc5 7.Ngf3 Nc6 8.c3 d5
9.Nb3 b6 10.g3 Be7 11.Bg2 Bb7 12.Nbd4 Rc8 13.Nxc6 Bxc6 14.Ne5 Ba4 15.Qd4 Bf6
16.Qf4 Bc2 17.Rc1 Be4 18.Bxc5 Qc7 19.Bd4 Bxg2 20.Rh2 Be4 21.g4 Qe7 22.Qg3 Bxe5
23.Bxe5 f6 24.Bd6 Qd7 25.g5 hxg5 26.hxg5 Rxh2 27.Qxh2 Kf7 28.gxf6 gxf6 29.f3 Bg6
30.Ba3 e5 31.Rd1 Qe6 32.Qh4 Kg7 33.Qb4 Bf7 34.Kd2 Bg6 35.Rg1 Kf7  1/2-1/2

[Event "JUG-chT"]
[Site "Niksic"]
[Date "1996.??.??"]
[Round "?"]
[White "Ivanisevic, Ivan"]
[Black "Smolovic, Mile"]
[Result "1/2-1/2"]
[WhiteElo "2300"]
[BlackElo "2350"]

1.d4 Nf6 2.Bg5 Ne4 3.Bf4 c5 4.f3 Qa5+ 5.c3 Nf6 6.Nd2 cxd4 7.Nb3 Qb6 8.cxd4 d5
9.e3 Nc6 10.Ne2 Nh5 11.Bg5 e5 12.Nc3 Be6 13.f4 exd4 14.exd4 Nf6 15.Bxf6 gxf6
16.f5 Bxf5 17.Nxd5 Bb4+ 18.Kf2 Qd8 19.Qf3 Be6 20.Bc4 O-O 21.Rac1 f5 22.Nxb4 Nxb4
23.Qg3+ Kh8 24.Qe5+ Kg8 25.Rc3 f4 26.Bxe6 fxe6 27.Nc5 Qh4+ 28.Ke2 Nc6 29.Qe4 f3+
30.gxf3 Nxd4+ 31.Kd1 Qxe4 32.Nxe4 Nxf3 33.Rf1 Rad8+ 34.Kc1 Nd4 35.Rxf8+ Rxf8
36.Rg3+ Kh8 37.Kd2 b6 38.Kd3 Nf3 39.Rh3 Rf5 40.Rh6 Ne5+ 41.Kd4 Ng6 42.Rh3 Rd5+
43.Kc4 b5+ 44.Kc3 Kg7 45.Re3 Nf4 46.Kb4 Rh5 47.Rg3+ Kf8 48.Rf3 Rf5 49.Ka5 b4+
50.Ka6 Nd5 51.Rh3 Re5 52.Rh4 Kg7 53.Rg4+ Kh6 54.Kxa7 Ne3 55.Rh4+ Kg6  1/2-1/2

[Event "JUG-chT"]
[Site "Niksic"]
[Date "1996.??.??"]
[Round "?"]
[White "Vojinovic, Goran"]
[Black "Brajovic, Radovan"]
[Result "1-0"]
[WhiteElo "2420"]
[BlackElo "2390"]

1.d4 Nf6 2.Bg5 Ne4 3.Bf4 d5 4.f3 Nf6 5.Nc3 e6 6.e4 Bb4 7.Bd3 c5 8.a3 Bxc3+
9.bxc3 Nc6 10.dxc5 Qa5 11.Qd2 Qxc5 12.e5 Nd7 13.Be3 Qe7 14.f4 f6 15.exf6 Nxf6
16.Nf3 O-O 17.O-O Bd7 18.Bd4 Nxd4 19.cxd4 Qd6 20.Ne5 Bc6 21.Qe3 Rae8 22.Rf3 Re7
23.Qe1 Be8 24.Re3 g6 25.Qa5 Nd7 26.g3 Nxe5 27.Rxe5 b6 28.Qb4 Rd7 29.h4 Bf7
30.Qxd6 Rxd6 31.Kf2 Rc8 32.Ke3 Kg7 33.Kd2 Kf6 34.g4 Be8 35.Rg1 Bd7 36.h5 Be8
37.h6 Bf7 38.g5+ Ke7 39.f5 Rg8 40.fxe6 Bxe6 41.Rge1 Rgd8 42.Kc3 Kf7 43.Kb2 Rc8
44.Bf1 Rc7 45.Bg2 Rcd7 46.Rf1+ Ke8 47.Bh3 Re7 48.Rfe1 Kf7 49.c4 Re8 50.cxd5 Bxh3
51.Rxe8  1-0

[Event "Oberwart op"]
[Site "Oberwart"]
[Date "1996.??.??"]
[Round "2"]
[White "Weiss, Christian"]
[Black "Suetin, Alexey S"]
[Result "1/2-1/2"]
[WhiteElo "2335"]
[BlackElo "2420"]

1.d4 Nf6 2.Bg5 Ne4 3.Bf4 c5 4.d5 Qb6 5.Qc1 e6 6.dxe6 dxe6 7.e3 Bd6 8.Bxd6 Nxd6
9.Nf3 Nd7 10.Be2 O-O 11.O-O Qc7 12.c4 b6 13.Nc3 Bb7 14.Rd1 Nf6 15.a4 a6 16.Qc2 Rad8
17.Ra3 Bxf3 18.gxf3 Nb7 19.Raa1 Na5 20.f4 g6 21.Rxd8 Rxd8 22.Rd1 Kg7 23.Rxd8 Qxd8
24.Na2 Nd7 25.Qd3 Qe7 26.Nc3 Nf6 27.Kf1 h5 28.Ke1 Qd7 29.Qxd7 Nxd7 30.Nb1 Kf6
31.Nd2 Ke7 32.Kd1 Nc6 33.Kc2 Nb4+ 34.Kc3 a5 35.h3 e5 36.fxe5 Nxe5 37.f4 Nd7
38.Bf3 Nf6 39.Nf1 Ke6 40.Bb7 Kd6 41.Kd2 Kc7 42.Bf3 Ne8 43.b3 Nd6 44.Ng3 Kd7
45.Ne2 h4 46.Nc3 f5 47.Nd5 Nxd5 48.Bxd5 Ke7 49.Ke2 Kf6 50.Kf3 Ne8  1/2-1/2

[Event "Komercni Banka op"]
[Site "Pardubice"]
[Date "1996.??.??"]
[Round "3"]
[White "Chytilek, Roman"]
[Black "Stankova, Zuzana"]
[Result "1-0"]
[WhiteElo "2340"]
[BlackElo "2105"]

1.d4 Nf6 2.Bg5 Ne4 3.Bf4 d5 4.f3 Nf6 5.Nc3 Bf5 6.g4 Bg6 7.h4 h5 8.g5 Ng8
9.e3 a6 10.Bd3 Bxd3 11.Qxd3 Nc6 12.g6 f6 13.O-O-O Qd7 14.e4 e6 15.Nge2 Bb4
16.a3 Bxc3 17.Nxc3 Nge7 18.Rhg1 O-O-O 19.Be3 Na5 20.b3 Qd6 21.Kb2 Qh2 22.Na4 Qxh4
23.Nc5 dxe4 24.fxe4 Rd6 25.e5 fxe5 26.Bg5 Qf2 27.Bxe7 Rxd4 28.Qc3 Re8 29.Nxe6 Nc4+
30.bxc4 Rxd1 31.Rxd1 Qb6+ 32.Bb4 Rxe6 33.c5 Qc6 34.Qh3 b5 35.Rd6 cxd6 36.Qxe6+ Qd7
37.Qg8+ Kc7 38.cxd6+ Kb7 39.Qd5+ Kb8 40.Qxe5 h4 41.Qe7 Kc8 42.Qxh4 a5 43.Bxa5 Qxd6
44.Qh8+  1-0

[Event "JUG-ch Podgorica"]
[Site "Podgorica"]
[Date "1996.??.??"]
[Round "13"]
[White "Drazic, Sinisa"]
[Black "Ivanovic, Bozidar"]
[Result "0-1"]
[WhiteElo "2445"]
[BlackElo "2500"]

1.d4 Nf6 2.Bg5 Ne4 3.Bf4 d5 4.Nd2 Bf5 5.Nxe4 Bxe4 6.c3 c6 7.f3 Bg6 8.Qb3 Qb6
9.h4 h5 10.Nh3 Nd7 11.Ng5 e6 12.e4 Be7 13.Qxb6 axb6 14.exd5 exd5 15.a3 O-O
16.Kf2 Rfe8 17.g3 b5 18.Bh3 Nc5 19.Bf1 Na4 20.Bc1 Bd6 21.f4 Re7 22.Be2 Rae8
23.Bd1 f6 24.Nh3 Be4 25.Re1 Bf5 26.Rxe7 Rxe7 27.Ng1 Nc5 28.Kf1 Nd3 29.Be2 g6
30.Bxd3 Bxd3+ 31.Kf2 Kf7 32.Be3 Re8 33.Nf3 Bf5 34.Re1 Bg4 35.Nd2 Bf5 36.Nb3 b6
37.Nd2 Bg4 38.Nb3 Re7 39.Nc1 Bf5 40.Nb3 Re8 41.Nd2 Be7 42.Nb3 Rc8 43.Rc1 c5
44.Nd2 Be6 45.Nb3 Bf8 46.Kf3 Ke8 47.Kf2 Kd7 48.Kf3 Rc6 49.Bd2 Be7 50.Kf2 Bf5
51.Kf3 c4 52.Na1 Re6 53.Kf2 Bd3 54.Be3 g5 55.hxg5 fxg5 56.fxg5 Rxe3  0-1

[Event "Polanica Zdroj op"]
[Site "Polanica Zdroj"]
[Date "1996.??.??"]
[Round "5"]
[White "Radziewicz, Iweta"]
[Black "Bursteinas, Romanas"]
[Result "0-1"]
[WhiteElo "2240"]
[BlackElo "2170"]

1.d4 Nf6 2.Bg5 Ne4 3.Bf4 c5 4.e3 Qb6 5.Nc3 Nxc3 6.bxc3 e6 7.Bd3 cxd4 8.cxd4 Qa5+
9.Kf1 Be7 10.Nf3 b6 11.Kg1 Ba6 12.h3 O-O 13.Kh2 Rc8 14.e4 d5 15.exd5 Qxd5
16.Re1 Bxd3 17.Qxd3 Nd7 18.a4 Bd6 19.Bxd6 Qxd6+ 20.Kg1 Qc6 21.Ra2 Qc4 22.Qa3 Nf6
23.a5 b5 24.a6 Nd5 25.Rb2 b4 26.Qa4 Rab8 27.Ra1 Rc7 28.Rab1 Nc3 29.Rxb4 Nxa4
30.Rxb8+ Rc8 31.R1b4 Qxc2 32.Rxc8+ Qxc8 33.Rxa4 f6 34.h4 Qc1+ 35.Kh2 h5 36.g3 Qc2  0-1

[Event "Portoroz"]
[Site "Portoroz"]
[Date "1996.??.??"]
[Round "?"]
[White "Taggatz, Mario"]
[Black "Caposciutti, Maurizio"]
[Result "1/2-1/2"]
[WhiteElo "2225"]
[BlackElo "2310"]

1.d4 Nf6 2.Bg5 Ne4 3.Bf4 c5 4.f3 Qa5+ 5.c3 Nf6 6.Nd2 cxd4 7.Nb3 Qf5 8.Bxb8 Rxb8
9.Qxd4 b6 10.e4 Qf4 11.Nh3 Qc7 12.e5 Ng8 13.Nf2 g6 14.e6 Nf6 15.exf7+ Kxf7
16.Bc4+ Kg7 17.Ne4 b5 18.Bd5 Qb6  1/2-1/2

[Event "CZE-ch U18"]
[Site "Prague"]
[Date "1996.??.??"]
[Round "9"]
[White "Stross, Frantisek"]
[Black "Forman, Stepan"]
[Result "1-0"]
[WhiteElo "1840"]
[BlackElo "1910"]

1.d4 Nf6 2.Bg5 Ne4 3.Bf4 d5 4.f3 Nf6 5.Nc3 Bf5 6.e3 c5 7.Bd3 Bxd3 8.Qxd3 c4
9.Qd2 e6 10.Nge2 Nc6 11.O-O Bb4 12.a3 Ba5 13.b4 cxb3 14.cxb3 O-O 15.b4 Bb6
16.Na4 Nh5 17.Nc5 Nxf4 18.Nxf4 Qe7 19.Nfd3 e5 20.b5 exd4 21.bxc6 dxe3 22.Qc3 bxc6
23.Rfe1 e2 24.Qd4 Rfe8 25.Ra2 Ba5 26.Rexe2 Qxe2 27.Rxe2 Rxe2 28.Qa4 Bb6 29.Qxc6 Rae8
30.Kf1 h6 31.Ne4 Re6 32.Qc8+ Kh7 33.Kxe2 dxe4 34.fxe4 Rxe4+ 35.Kd2 Ra4 36.Qf5+ Kg8
37.Qc8+ Kh7 38.Qf5+ Kg8 39.Ne5 f6 40.Qe6+ Kh7 41.Nd7 Rxa3 42.Nxf6+ Kg6 43.Nd5+ Kh7
44.Qf5+ Kg8 45.Ne7+ Kh8 46.Qf8+  1-0

[Event "CRO-ch"]
[Site "Pula"]
[Date "1996.??.??"]
[Round "?"]
[White "Brumen, Dinko"]
[Black "Sale, Srdjan"]
[Result "0-1"]
[WhiteElo "2335"]
[BlackElo "2440"]

1.d4 Nf6 2.Bg5 Ne4 3.Bf4 c5 4.f3 Qa5+ 5.c3 Nf6 6.Nd2 cxd4 7.Nb3 Qb6 8.Qxd4 Nc6
9.Qxb6 axb6 10.e4 d5 11.Bb5 dxe4 12.fxe4 Nxe4 13.Nf3 Bd7 14.O-O-O Nf6 15.Rhe1 Rxa2
16.Bc7 g6 17.Ne5 Ra8 18.Nxd7 Nxd7 19.Nd4 Rc8 20.Bf4 Bg7 21.Nxc6 bxc6 22.Ba6 Ra8
23.Bb7 Ra1+ 24.Kc2 Rxd1 25.Rxd1 Be5 26.Bxc6 Bxf4 27.Rxd7 O-O 28.Rxe7 Bxh2
29.Bd5 h5 30.c4 Kg7 31.Rb7 Bg1 32.b4 g5 33.Kd3 Kg6 34.Rc7 g4 35.c5 bxc5 36.bxc5 f5
37.c6 Bh2 38.Rb7 Rc8 39.Ra7 Be5 40.Ke2 h4 41.Kd3 Bh2 42.Ra5 Kf6 43.Ra7 Bc7
44.Kc4 f4 45.Ra1 Re8 46.Ra7 Rc8 47.Ra1 f3 48.Rf1 Re8 49.Kd3 Bf4 50.Bxf3 gxf3
51.Rxf3 Kg5 52.Rf2 Re7 53.Rc2 Kg4 54.Kd4 Kg3 55.Kd5 Bc7 56.Ra2 Re5+ 57.Kc4 Rf5
58.Ra7 Rf7 59.Ra2 Rf2 60.Ra7 Bf4 61.Kd3 Kxg2 62.c7 Bxc7 63.Rxc7 h3 64.Rg7+ Kf1  0-1

[Event "EU-ch U18"]
[Site "Rimavska Sobota"]
[Date "1996.??.??"]
[Round "6"]
[White "Rabinovich, Alexander"]
[Black "Jovanic, Ognjen"]
[Result "1/2-1/2"]
[WhiteElo "2295"]
[BlackElo "2315"]

1.d4 Nf6 2.Bg5 Ne4 3.Bf4 d5 4.e3 e6 5.Bd3 Bd6 6.Bxd6 Nxd6 7.Nf3 Nd7 8.O-O Qf6
9.Nbd2 O-O 10.e4 dxe4 11.Nxe4 Nxe4 12.Bxe4 e5 13.Re1 exd4 14.Nxd4 g6 15.c3 Nc5
16.Qf3 Nxe4 17.Qxe4 Rd8 18.b4 c6 19.Qe5 Qxe5 20.Rxe5 Bd7 21.f4 Re8 22.Rae1 f6
23.Rxe8+ Rxe8 24.Rxe8+ Bxe8 25.Kf2 Kf7 26.c4 Ke7 27.c5 Bf7 28.a4 Bd5 29.g4 g5
30.Ke3 b6 31.Nf5+ Ke6 32.fxg5 fxg5 33.Kd4 Bf3 34.Ne3 Be2 35.Ke4 bxc5 36.bxc5 a5
37.h3 Ba6 38.Kd4 Be2 39.Ke4  1/2-1/2

[Event "Rome-ch"]
[Site "Rome"]
[Date "1996.??.??"]
[Round "6"]
[White "Verrascina, Roberto"]
[Black "Verrascina, Nicola"]
[Result "0-1"]
[WhiteElo "2225"]
[BlackElo "2090"]

1.d4 Nf6 2.Bg5 Ne4 3.Bh4 g5 4.f3 gxh4 5.fxe4 c5 6.e3 Bh6 7.Kf2 Qb6 8.Nc3 Qxb2
9.Nd5 cxd4 10.Nc7+ Kd8 11.Nxa8 Bxe3+ 12.Ke2 b6 13.Rb1 Qc3 14.Rb3 Qc6 15.Kf3 d5
16.e5 Rg8 17.h3 Nd7 18.Ke2 Nxe5 19.Nf3 Nxf3 20.gxf3 Qg6 21.Qd3 Ba6  0-1

[Event "Sarospatak op"]
[Site "Sarospatak"]
[Date "1996.??.??"]
[Round "?"]
[White "Deak, Sandor"]
[Black "Gosztolya, Ferenc"]
[Result "1/2-1/2"]
[WhiteElo "2325"]
[BlackElo "2200"]

1.d4 Nf6 2.Bg5 Ne4 3.h4 c6 4.Nd2 d5 5.Nxe4 dxe4 6.c3 h6 7.Bf4 Bf5 8.e3 Nd7
9.g4 Bh7 10.Bg2 e6 11.Qc2 Be7 12.g5 hxg5 13.hxg5 Bxg5 14.Bxe4 Bxf4 15.exf4 Nf8
16.Qa4 Qd7 17.O-O-O Qd6 18.Ne2 a5 19.Rh5 b5 20.Qb3 f5 21.Bf3 Rg8 22.Re1 Bg6
23.Rg5 Bf7 24.Kb1 Qc7 25.Qc2 O-O-O 26.Qc1 Nh7 27.Rg2 Nf6 28.Qe3 Ne8 29.Nc1 Nd6
30.Nd3 Nc4 31.Qc1 a4 32.Ne5 Nxe5 33.Rxe5 g6 34.Bxc6  1/2-1/2

[Event "Sarospatak op"]
[Site "Sarospatak"]
[Date "1996.??.??"]
[Round "?"]
[White "Botos, Ferenc"]
[Black "Brhlik, Gyorgy"]
[Result "1-0"]
[WhiteElo "2180"]
[BlackElo "2130"]

1.d4 Nf6 2.Bg5 Ne4 3.Bh4 g6 4.Nd2 Nxd2 5.Qxd2 Bg7 6.e4 c5 7.c3 cxd4 8.cxd4 Qb6
9.Rc1 Nc6 10.Nf3 Nxd4 11.Nxd4 Qxd4 12.Qc2 O-O 13.b3 Qb4+ 14.Kd1 d5 15.a3 Qd4+
16.Ke1 Bf5 17.exf5 Qxh4 18.Bd3 Bh6 19.g3 Qf6 20.Rd1 Rac8 21.Qb1 e6 22.g4 Bg5
23.Kf1 Rc7 24.Kg2 Rcc8 25.h4 Bxh4 26.f4 h6 27.Rdf1 exf5 28.gxf5 g5 29.Rh3 Rfe8
30.Kh2 Qd4 31.f6 Rc3 32.Rhf3 gxf4 33.Qd1 Bg3+ 34.Kh1  1-0

[Event "Sas van Gent op U20"]
[Site "Sas van Gent"]
[Date "1996.??.??"]
[Round "8"]
[White "Schneider, Stefan"]
[Black "Solleveld, Maarten"]
[Result "1-0"]
[WhiteElo "2225"]
[BlackElo "2080"]

1.d4 Nf6 2.Bg5 Ne4 3.Bf4 d5 4.Nd2 Nd6 5.e3 Bf5 6.Ngf3 e6 7.Be2 Be7 8.O-O O-O
9.c4 c6 10.Qb3 dxc4 11.Nxc4 Nxc4 12.Bxc4 b5 13.Be2 a6 14.Rac1 Qb6 15.Bxb8 Rfxb8
16.Ne5 Rc8 17.Bf3 Bd6 18.Nxc6 Re8 19.e4 Bg6 20.e5 Bf8 21.d5 exd5 22.Bxd5 Rac8
23.e6 Rc7 24.Ne5 fxe6 25.Rxc7  1-0

[Event "Sas van Gent op U20"]
[Site "Sas van Gent"]
[Date "1996.??.??"]
[Round "8"]
[White "Gustafsson, Jan"]
[Black "Dantas, Carlos"]
[Result "1-0"]
[WhiteElo "2310"]
[BlackElo "2155"]

1.d4 Nf6 2.Bg5 Ne4 3.Bf4 d5 4.Nd2 Nd6 5.e3 e6 6.Ngf3 b6 7.c3 Bb7 8.Bd3 Nd7
9.O-O Be7 10.Ne5 Nxe5 11.Bxe5 f6 12.Bg3 O-O 13.Qc2 f5 14.f3 Bh4 15.Bxh4 Qxh4
16.Rae1 Rf6 17.g3 Qh5 18.Qd1 Raf8 19.f4 Qxd1 20.Rxd1 R6f7 21.Nf3 Re7 22.Kf2 g6
23.h3 Rfe8 24.g4 Nf7 25.Rg1 Kh8 26.h4 Rg8 27.Rg3 Ree8 28.Rh1 Bc8 29.h5 Kg7
30.Rhg1 Kf6 31.gxf5 exf5 32.Ne5 Nxe5 33.dxe5+ Kf7 34.Be2 Rd8 35.Bf3 Be6 36.Rd1 Rd7
37.Rh1 Kf8 38.hxg6 hxg6 39.Rh6 Rdg7 40.Rg1 Ke7 41.Rg5 Kd7 42.Rh1 Ke7 43.Kg3 Rd8
44.Rh6 Rdg8 45.Kh4 Bf7 46.Rg1 Rd8 47.Kg5 Rgg8 48.Rh7 Rh8 49.Rgh1 Rxh7 50.Rxh7 b5
51.b3 a6 52.Rh2 c6 53.Be2 Rb8 54.Bd3 Ra8 55.Rh6 Rf8 56.Be2 Rg8 57.b4 Rc8
58.Rh7 Rd8 59.Bd1 Rf8 60.Bb3 Ke6 61.Bd1 Ke7 62.a3 Rc8 63.e4 Ke6 64.exf5+ gxf5
65.Rh6+ Ke7 66.Kxf5 Rf8 67.Kg4 Be6+ 68.Kf3 Rg8 69.Bc2 d4 70.Rxe6+  1-0

[Event "Schwaebisch Gmund op"]
[Site "Schwaebisch Gmund"]
[Date "1996.??.??"]
[Round "9"]
[White "Gradwohl, Johann"]
[Black "Pribyl, Martin"]
[Result "0-1"]
[WhiteElo "2160"]
[BlackElo "2325"]

1.d4 Nf6 2.Bg5 Ne4 3.Bh4 c5 4.f3 g5 5.fxe4 gxh4 6.e3 Nc6 7.Nc3 Bh6 8.Kf2 Bxe3+
9.Kxe3 cxd4+ 10.Kd2 dxc3+ 11.bxc3 d5 12.exd5 Qxd5+ 13.Kc1 Qc5 14.Kb2 Rg8
15.Nf3 h3 16.gxh3 Bd7 17.Bd3 O-O-O 18.Qe2 Bxh3 19.Rag1 h5 20.Qe4 Bg2 21.Rxg2 Rxg2
22.Nd4 Rg6 23.Nb3 Qd6 24.Qf5+ Kb8 25.Qxh5 Rf6 26.Re1 Rf2 27.h4 Qxd3  0-1

[Event "Rudenko mem"]
[Site "St Petersburg"]
[Date "1996.??.??"]
[Round "8"]
[White "Stepanova, A."]
[Black "Epstein, Esther"]
[Result "1-0"]
[WhiteElo "2225"]
[BlackElo "2255"]

1.d4 Nf6 2.Bg5 Ne4 3.Bf4 d5 4.Nd2 e6 5.Nxe4 dxe4 6.e3 Nd7 7.Bc4 g6 8.Ne2 b6
9.Nc3 Bb4 10.O-O Bxc3 11.bxc3 O-O 12.Qg4 Nf6 13.Qh4 Nd5 14.Bg5 f6 15.Bh6 f5
16.Qg3 Re8 17.Bb5 Bd7 18.Bg5 Qc8 19.c4 Nc3 20.Qe5 c6 21.Bh6 Re7 22.Bxc6 Bxc6
23.d5 Bxd5 24.cxd5 Nxd5 25.Rfd1 Qc7 26.Rxd5 Qxc2 27.Qf6 Rae8 28.Rd6 e5 29.Rad1 Qxa2
30.Rd8 Qf7 31.Qc6 Qe6 32.R1d6 Rxd8 33.Rxd8+ Kf7 34.Rf8+  1-0

[Event "Petrov mem"]
[Site "St Petersburg"]
[Date "1996.??.??"]
[Round "8"]
[White "Chepukaitis, Genrikh"]
[Black "Yuferov, Sergey  N"]
[Result "0-1"]
[WhiteElo "2305"]
[BlackElo "2440"]

1.d4 Nf6 2.Bg5 Ne4 3.Bh4 c6 4.c3 d5 5.f3 Nf6 6.Nd2 Bf5 7.g4 Bg6 8.Nh3 h6
9.Bg2 Nbd7 10.Bg3 Qb6 11.Qb3 e6 12.Nf4 Bh7 13.h4 e5 14.dxe5 Nxe5 15.Nxd5 Nxd5
16.Bxe5 Ne3 17.Qxb6 axb6 18.Kf2 Bc5 19.Kg3 f6 20.Bf4 Nc2 21.h5 Nxa1 22.Rxa1 Ke7
23.Nb3 Bd6 24.Bxd6+ Kxd6 25.Nd4 Rhd8 26.f4 Ke7 27.Kf2 Ra4 28.Ke3 Kf7 29.f5 Bg8
30.Bf3 Ke7 31.a3 Ra5 32.Be4 Bf7 33.Rf1 Re8 34.Kf4 Kd6 35.Bf3 Ra4 36.e4 Kc7
37.Bd1 Raa8 38.Bb3 Bxb3 39.Nxb3 c5 40.Nd2 Rad8 41.Ke3 Rxd2 42.Kxd2 Rxe4 43.Rg1 c4
44.a4 b5 45.a5 Kb8 46.b4 cxb3 47.Rb1 Rxg4 48.Rxb3 Rg5 49.Rxb5 Ka7 50.c4 Rxh5
51.Ke3 Rg5 52.Ke4 h5 53.Rb3 Rg4+ 54.Kd5 Rf4 55.Ke6 Rxc4 56.Rh3 h4 57.Kf7 Rg4
58.Rh1 Ka6 59.Ke6 Kxa5 60.Ra1+ Kb6 61.Rb1+ Kc7 62.Rc1+ Kb6 63.Rb1+ Ka7 64.Ra1+ Kb8
65.Rh1 b6 66.Kd6 Kb7 67.Rh2 b5  0-1

[Event "Jacques Lemans op16"]
[Site "St Veit"]
[Date "1996.??.??"]
[Round "3"]
[White "Maierhofer, Ernst"]
[Black "Tratar, Marko"]
[Result "0-1"]
[WhiteElo "1917"]
[BlackElo "2420"]

1.d4 Nf6 2.Bg5 Ne4 3.Bh4 c5 4.f3 Qa5+ 5.c3 Nf6 6.Bxf6 gxf6 7.dxc5 Qxc5 8.e4 Bh6
9.b4 Qe3+ 10.Ne2 Nc6 11.Qd2 d6 12.Qxe3 Bxe3 13.Na3 f5 14.Ng3 fxe4 15.fxe4 Bd7
16.Nf5 Bg5 17.Be2 Rc8 18.O-O Bxf5 19.Rxf5 Bf6 20.Nb5 Be5 21.Raf1 a6 22.Nxd6+ Bxd6
23.Rxf7 Ne5 24.R7f5 Rxc3 25.Bh5+ Kd7 26.Rd1 Kc7 27.Be2 Rc2 28.Bh5 Rxa2 29.Rc1+ Kb8
30.Bf7 Nxf7 31.Rxf7 Bxb4 32.e5 a5 33.Rc4 Re2  0-1

[Event "Rilton Cup 96/97"]
[Site "Stockholm"]
[Date "1996.??.??"]
[Round "2"]
[White "Djurhuus, Rune"]
[Black "Abedinov, Adnan"]
[Result "1-0"]
[WhiteElo "2505"]
[BlackElo "2150"]

1.d4 Nf6 2.Bg5 Ne4 3.Bf4 c5 4.d5 Qa5+ 5.c3 e6 6.f3 Nf6 7.e4 Qb6 8.Na3 exd5
9.exd5 d6 10.Qe2+ Kd8 11.O-O-O Bf5 12.g4 Bg6 13.Re1 a6 14.Nc4 Qb5 15.Qd1 Ra7
16.h4 h5 17.g5 Ne8 18.a4 Qd7 19.Bh3 Qc7 20.a5 Nd7 21.Rh2 b5 22.axb6 Nxb6
23.Na5 f5 24.Nc6+ Kd7 25.Rhe2 Nxd5 26.Qxd5  1-0

[Event "SWE-chT 9596"]
[Site "?"]
[Date "1996.??.??"]
[Round "?"]
[White "Eksmyr, Johan"]
[Black "Bjork, Carl Magnus"]
[Result "1-0"]
[WhiteElo "2175"]
[BlackElo "2320"]

1.d4 Nf6 2.Bg5 Ne4 3.Bh4 d5 4.f3 Nf6 5.e3 e6 6.Bd3 c5 7.c3 Nc6 8.Ne2 Be7
9.O-O O-O 10.Nd2 b6 11.Qb1 h6 12.Qe1 Bb7 13.Bxf6 Bxf6 14.f4 a5 15.Nf3 Ba6
16.Bc2 Ne7 17.g4 g6 18.Rf2 Bxe2 19.Qxe2 Nc8 20.f5 exf5 21.gxf5 g5 22.Ne5 Nd6
23.Qf3 Ne4 24.Bxe4 dxe4 25.Qh5 Kg7 26.Rd1 Qc7 27.Ng4 Rh8 28.Rg2 Rad8 29.h4 Qe7
30.Rgd2 c4 31.Rg2 Rd5 32.Rf1 b5 33.Nxf6 Qxf6 34.hxg5 hxg5 35.Qxg5+ Qxg5 36.Rxg5+ Kf6
37.Rg4 Rdd8 38.Rff4 Rh3 39.Rxe4 Rdh8 40.Kf2 b4 41.Re5 bxc3 42.bxc3 Rb8 43.Rg3 Rh2+
44.Kf3 Rxa2 45.Rc5 Rb3 46.Rc6+ Ke7 47.Rg7 Rb7 48.f6+ Kd8 49.Rxc4 a4 50.Ke4 Ra7
51.Ke5 Re2 52.e4 a3 53.Rg8+ Kd7 54.Rcc8  1-0